Catálogo público

Producción y calidad del forraje de cuatro variedades de alfalfa asociada con trébol blanco, ballico perenne, festuca alta y ovillo / (Record no. 167196)

MARC details
000 -CABECERA
campo de control de longitud fija 01061nam a2200325Ia 4500
001 - NÚMERO DE CONTROL
campo de control Z_4133
003 - IDENTIFICADOR DEL NÚMERO DE CONTROL
campo de control CHAP
008 - DATOS DE LONGITUD FIJA--INFORMACIÓN GENERAL
campo de control de longitud fija 220113s2001 xx 000 0 und d
010 ## - NÚMERO DE CONTROL DE LA BIBLIOTECA DEL CONGRESO
Número de control de LC 167196
040 ## - FUENTE DE LA CATALOGACIÓN
Centro/agencia transcriptor CHAP
090 ## - LOCALMENTE ASIGNADO TIPO-LC NÚMERO DE CLASIFICACIÓN (OCLC); NÚMERO DE CLASIFICACIÓN LOCAL (RLIN)
Número de clasificación (OCLC) (R) ; Numero de clasificación, CALL (RLIN) (NR) Tesis C 1605
100 ## - ENTRADA PRINCIPAL--NOMBRE DE PERSONA
Nombre de persona Camacho García, José Luis
9 (RLIN) 17675
245 ## - MENCIÓN DE TÍTULO
Título Producción y calidad del forraje de cuatro variedades de alfalfa asociada con trébol blanco, ballico perenne, festuca alta y ovillo /
Mención de responsabilidad, etc. por José Luis Camacho García
260 ## - PUBLICACIÓN, DISTRIBUCIÓN, ETC.
Lugar de publicación, distribución, etc. Chapingo, Méx. :
Nombre del editor, distribuidor, etc. El autor,
Fecha de publicación, distribución, etc. 2001
300 ## - DESCRIPCIÓN FÍSICA
Extensión 64 h.
502 ## - NOTA DE TESIS
Nota de tesis Tesis (Maestro en Ciencias Especialista en Producción Animal) -- UACH. Departamento de Zootecnia
650 ## - PUNTO DE ACCESO ADICIONAL DE MATERIA--TÉRMINO DE MATERIA
Término de materia o nombre geográfico como elemento de entrada Alfalfa
Subdivisión general Rendimiento
9 (RLIN) 3887
650 ## - PUNTO DE ACCESO ADICIONAL DE MATERIA--TÉRMINO DE MATERIA
Término de materia o nombre geográfico como elemento de entrada Alfalfa
Subdivisión general Variedades
9 (RLIN) 3893
650 ## - PUNTO DE ACCESO ADICIONAL DE MATERIA--TÉRMINO DE MATERIA
Término de materia o nombre geográfico como elemento de entrada Dactylis glomerata
9 (RLIN) 30865
650 ## - PUNTO DE ACCESO ADICIONAL DE MATERIA--TÉRMINO DE MATERIA
Término de materia o nombre geográfico como elemento de entrada Festuca arundinacea
9 (RLIN) 40663
650 ## - PUNTO DE ACCESO ADICIONAL DE MATERIA--TÉRMINO DE MATERIA
Término de materia o nombre geográfico como elemento de entrada Lolium perenne
9 (RLIN) 67505
650 ## - PUNTO DE ACCESO ADICIONAL DE MATERIA--TÉRMINO DE MATERIA
Término de materia o nombre geográfico como elemento de entrada Siembra múltiple
9 (RLIN) 137549
650 ## - PUNTO DE ACCESO ADICIONAL DE MATERIA--TÉRMINO DE MATERIA
Término de materia o nombre geográfico como elemento de entrada Trébol blanco
9 (RLIN) 115252
901 ## - ELEMENTOS DE DATOS A LOCAL LDA (RLIN)
a TESIS C 1605
902 ## - ELEMENTOS DE DATOS B LOCAL, LDB (RLIN)
a M
910 ## - DATOS DE OPCIÓN DEL USUARIO (OCLC)
Datos de opción del usuario 2001
942 ## - ELEMENTOS DE PUNTO DE ACCESO ADICIONAL (KOHA)
Tipo de ítem Koha Tesis_
942 ## - ELEMENTOS DE PUNTO DE ACCESO ADICIONAL (KOHA)
Tipo de ítem Koha Tesis_
Holdings
Estado de retiro Estado de pérdida Fuente del sistema de clasificación o colocación Estado dañado Restricciones de uso No para préstamo Código de colección Localización permanente Ubicación/localización actual Fecha de adquisición Fuente de adquisición Total de préstamos Signatura topográfica completa Código de barras Fecha visto por última vez Fecha del último préstamo Número de copia Precio válido a partir de Tipo de ítem Koha
    Clasificación Universidad Autónoma de Chapingo   Préstamo interno   Tesis Zootecnia Zootecnia 09/11/2005 El autor 2 Tesis C36 1605 2001 5101002619 24/10/2024 24/10/2024 Ej.1 18/01/2022 Tesis
    Clasificación Universidad Autónoma de Chapingo   Préstamo 5 días   Tesis Zootecnia Zootecnia 09/11/2005 El autor 1 Tesis C36 1605 2001 5101002620 21/10/2024 21/10/2024 Ej.2 18/01/2022 Tesis